| 000 | 00960cam a22002894a 4500 | ||
|---|---|---|---|
| 001 | 13254076 | ||
| 003 | GBCCL | ||
| 005 | 20241126110406.0 | ||
| 008 | 030626s2004 miu b 000 0 eng | ||
| 010 | _a 2003055427 | ||
| 020 | _a1852402199 | ||
| 040 |
_aDLC _cDLC _dDLC |
||
| 042 | _apcc | ||
| 050 | 0 | 0 |
_aBR114 _b.D87 2004 |
| 082 | 0 | 0 |
_a262.8 _222 _bDUP |
| 100 | 1 |
_aDupont, Marc. _93439 |
|
| 245 | 1 | 0 |
_aWalking out of spiritual abuse _cMarc Dupont. |
| 260 |
_aEngland : _bSovereign world, _c1997. |
||
| 300 |
_a191 p. ; _c22 cm. |
||
| 650 | 0 |
_aReligious addiction. _93440 |
|
| 650 | 0 |
_aChristianity _xPsychology. _91193 |
|
| 650 | 0 |
_aPsychological abuse _xReligious aspects _xChristianity. _93441 |
|
| 700 | 1 |
_aDupont, Marc. _tWalking out of spiritual abuse. _93442 |
|
| 906 |
_a7 _bcbc _corignew _d1 _eocip _f20 _gy-gencatlg |
||
| 942 |
_2ddc _cBK |
||
| 999 |
_c1677 _d1677 |
||